Oblasti záujmu IT Governance
Definovanie oblasti záujmu IT Governance a poukázanie na aktuálny stav manažmentu rizika v podnikoch v Slovenskej republike, ako jednu z oblastí IT Governance. Prezentácia výsledkov prieskumu zameraného na frekvenciu vyhodnocovania rizík podnikmi v Slovenskej republiky.
Enregistré dans:
| Auteur principal: | |
|---|---|
| Format: | Chapitre de livre |
| Langue: | slovaque |
| Sujets: | |
| Tags: |
Pas de tags, Soyez le premier à ajouter un tag!
|
MARC
| LEADER | 00000nla a2200000 4500 | ||
|---|---|---|---|
| 001 | 0240083 | ||
| 005 | 20240502073908.2 | ||
| 041 | 0 | |a slo | |
| 044 | |a SK | ||
| 245 | 1 | 0 | |a Oblasti záujmu IT Governance |c Vladimír Bolek |
| 520 | |a Definovanie oblasti záujmu IT Governance a poukázanie na aktuálny stav manažmentu rizika v podnikoch v Slovenskej republike, ako jednu z oblastí IT Governance. Prezentácia výsledkov prieskumu zameraného na frekvenciu vyhodnocovania rizík podnikmi v Slovenskej republiky. | ||
| 610 | 2 | 0 | |a technológie informačné |
| 610 | 2 | 0 | |a služby informačné |
| 610 | 2 | 0 | |a riadenie |
| 610 | 2 | 0 | |a riadenie strategické |
| 610 | 2 | 0 | |a riadenie systémové |
| 610 | 2 | 0 | |a riadenie výkonov |
| 610 | 2 | 0 | |a riadenie rizík |
| 100 | 1 | |a Bolek, Vladimír, 1988- | |